| 000 | 00844nam a2200241Ia 4500 | ||
|---|---|---|---|
| 008 | 191130s2003##################000#0#eng## | ||
| 020 | _a9780071393034 | ||
| 022 | _a2002156764 | ||
| 040 |
_aACL _cACL |
||
| 082 | _a613.69 JOH | ||
| 100 | _aJohnson, Mark | ||
| 245 |
_aThe ultimate desert handbook : a manual for desert hikers, campers, and travelers _cMark Johnson |
||
| 260 |
_aCamden, ME _bRagged Mountain Press/McGraw Hill _cc2003 |
||
| 300 | _a296 p. : ill. ; 24 cm | ||
| 500 | _aIncludes bibliographical references (p. 282-283) and index | ||
| 650 | _aCamping - Handbooks, manuals, etc | ||
| 650 | _aDesert survival - Handbooks, manuals, etc | ||
| 650 | _aHiking - Handbooks, manuals, etc | ||
| 650 | _aTravelers - Handbooks, manuals, etc | ||
| 990 | _a6ff26cccac10000c4c04bc7ae4b699c1 | ||
| 991 | _a96353 | ||
| 999 |
_c74101 _d74101 |
||